Culture Générale - Série 1605 - Statistiques

Statistiques générales
  • Ce quiz a été pris 356 fois
  • Le résultat moyen est 6 sur 10
Statistiques - réponses
Question Réponse % Correct
Quel dessert populaire italien, parfumé au café et saupoudré de cacao, est fait de mascarpone, de biscuit et d'oeufs ? tiramisu
95%
Dans quelle capitale européenne peut-on se promener sur Abbey road ? Londres
93%
Comment s'appelle l'ours du "Livre de la jungle" de Disney ? Baloo
85%
Quelle ancienne appellation d'un habitant de l'Iran désigne une race de chat à longs poils soyeux et à face aplatie ? persan
74%
En 2009, quelle "bomba latina" revient avec le single "She Wolf" ? Shakira
69%
En 1984 à Verdun, à quel chef d'Etat François Mitterrand a-t-il donné la main, en signe de réconciliation ? Helmut Kohl
50%
Quel plat traditionnel du Béarn, dont le nom rime avec "bure", est une soupe de légumes, notamment de choux, cuits avec du confit d'oie ou de canard ? garbure
44%
Quel alliage à base de cuivre était anciennement appelé : "airain" ? bronze
40%
Lors de la Coupe du monde 2010 de football, quelle est la seule équipe africaine à avoir passé le premier tour ? Ghana
40%
Quel nom donne-t-on aux quatre textes sacrés de l'hindouisme ? Veda
5%
Aucun quiz correspondant
Distribution des résultats
% des personnes avec chaque résultat
Percentile par nombre de réponses
Votre historique - résultats
Vous n’avez pas pris ce quiz